| 000 | 00714nab a2200217 4500 | ||
|---|---|---|---|
| 003 | BR-BrBNA | ||
| 005 | 20250525134202.0 | ||
| 008 | 250525b bl.||||| |||| 00| 0 por d | ||
| 040 |
_aBR-BrBNA _bpor |
||
| 072 |
_aF01 ; E21 ; E72 _b0180 ; 9216 |
||
| 100 | _aSavanachi, Eduardo | ||
| 245 |
_aA queda do trigo brasileiro _bAgroeconomia |
||
| 500 | _a2 illus. | ||
| 650 | _aTRIGO | ||
| 650 | _aFARINHA DE TRIGO | ||
| 650 | _aMOENDA | ||
| 650 | _aIMPORTAÇÃO | ||
| 773 | 0 |
_01706 _9347870 _dSão Paulo-SP Editora Três Ltda - E-mail: luizfsa@revistadinheiro.com.br 2004 _o2025-0371 _tDinheiro Rural (Brazil) _x1807-3700 _gv. 5(42) p. 30-31; (Apr 2008) _wBR2025001176 |
|
| 942 | _cANA | ||
| 999 |
_c331710 _d331710 |
||